Score 0/20 Timer 03:00
0 Plays Today
% Correct
Black
98.4%
Banana
98.2%
Bean
96.8%
Baboon
92.7%
Beige
92%
Buffalo
91.4%
Blueberry
84.9%
Beaver
83.6%
Bronze
82.6%
Bulgaria
81.1%
% Correct
Botswana
80.2%
Broccoli
79.2%
Burgundy
78.7%
Bangladesh
77.4%
Belgium
75.8%
Barracuda
66.6%
Bhutan
61.1%
Badger
55.7%
Blonde
54.5%
Beetroot
34.8%

You're not logged in!

Compare scores with friends on all Sporcle quizzes.
OR
Log In

Sporcle TV

Today on Sporcle TV


Watch our educational content, quiz creation guides, and fun videos on Sporcle TV.

Show Comments

Extras

Top Quizzes Today


Score Distribution

Paid Content

Your Account Isn't Verified!

In order to create a playlist on Sporcle, you need to verify the email address you used during registration. Go to your Sporcle Settings to finish the process.

Report this User

Report this user for behavior that violates our Community Guidelines.

Details: